000 00694nas a2200241 4500
001 BR7905101
003 BR-BrBNA
005 20231205083904.0
007 ta
008 230509b bl.|||p| |||| 00| 00por d
040 _aBR-BrBNA
_bpor
_cBiblioteca Nacional de Agricultura
041 _a(Pt)
072 _aH10
100 1 _aReche, A.
245 1 _aComo combater o ninho de pragas feito no algodao [Gossypium hirsutum]
650 _aPraga de planta
650 _aAlgodao
650 _aLagarta
650 _aNinho
773 0 _tAgricultura de Hoje (Brazil)
_xISSN 0100-5707
_g(Mar 1979), v. 4(46) p. 20-21
_wBR7905101
909 _a202311
_bLúcia
_c55
_dLúcia Elande
942 _2AGRIS
_n0
_cANA
999 _c101838
_d101838